[Event "Polanica Zdroj op-C 52nd"]
[Site "Polanica Zdroj"]
[Date "2016.08.28"]
[Round "8"]
[White "Maslankowski, Maciej"]
[Black "Cichocki, Konrad"]
[Result "1/2-1/2"]
[WhiteElo "1529"]
[BlackElo "1852"]
[PlyCount "66"]
[EventDate "2016.08.20"]
[EventType "swiss"]
[EventRounds "9"]
[EventCountry "POL"]
[SourceTitle "CBM 174 Extra"]
[Source "ChessBase"]
[SourceDate "2016.10.10"]
[SourceVersion "1"]
[SourceVersionDate "2016.10.10"]
[SourceQuality "1"]

1. e4 e5 2. Nf3 Nc6 3. Bc4 Bc5 4. c3 Nf6 5. d3 0-0 6. Bb3 d6 7. h3 Qe7 8. Nbd2 Be6 9. Bc2 Bb6 10. Ng5 Bd7 11. Nc4 Nd8 12. Nxb6 axb6 13. Be3 Ne6 14. Nxe6 Bxe6 15. Bb3 Nd7 16. Bxe6 Qxe6 17. c4 f5 18. exf5 Qxf5 19. 0-0 Nc5 20. d4 Nd7 21. dxe5 Nxe5 22. Qd5+ Qf7 23. Qxf7+ Kxf7 24. Bd4 Nxc4 25. Rfc1 c5 26. Rxc4 cxd4 27. Rxd4 Rfd8 28. a3 Rac8 29. Rad1 Rc2 30. Rxd6 Rxd6 31. Rxd6 Rxb2 32. Rd7+ Kf6 33. Rxb7 Rb3 1/2-1/2

[Event "Wloclawek-ch"]
[Site "Wloclawek"]
[Date "2013.??.??"]
[Round "7"]
[White "Lapinski, Jerzy"]
[Black "Maslankowski, Maciej"]
[Result "0-1"]
[WhiteElo "1800"]
[BlackElo "1600"]
[PlyCount "78"]
[EventDate "2013.09.??"]
[EventType "swiss"]
[EventRounds "9"]
[EventCountry "POL"]
[SourceTitle "EXT 2021"]
[Source "ChessBase"]
[SourceDate "2020.10.23"]
[SourceVersion "1"]
[SourceVersionDate "2020.10.23"]
[SourceQuality "1"]

1. d4 Nf6 2. Nf3 c5 3. e3 cxd4 4. exd4 g6 5. Be2 Bg7 6. 0-0 0-0 7. Re1 d6 8. Bc4 Bg4 9. c3 d5 10. Bd3 Nc6 11. h3 Bf5 12. Bxf5 gxf5 13. Bf4 Ne4 14. Nbd2 e6 15. Re3 Ne7 16. Nxe4 fxe4 17. Ne5 Nf5 18. Re1 f6 19. Ng4 Qe8 20. Ne3 Qg6 21. Nxf5 Qxf5 22. Qd2 Rf7 23. f3 e5 24. fxe4 Qxf4 25. Qxf4 exf4 26. exd5 b5 27. Re6 Rd8 28. Rae1 Rxd5 29. Re8+ Bf8 30. R1e6 Kg7 31. Kf2 b4 32. Rc6 bxc3 33. bxc3 Ba3 34. Kf3 Bc1 35. Ke4 Ra5 36. d5 Rxa2 37. d6 Re2+ 38. Kd3 Rxe8 39. Kc4 Re2 0-1

[Event "Wloclawek CC Classic 06th"]
[Site "Wloclawek"]
[Date "2013.??.??"]
[Round "6"]
[White "Maslankowski, Maciej"]
[Black "Duda, Henryk"]
[Result "1-0"]
[WhiteElo "1600"]
[BlackElo "1325"]
[PlyCount "93"]
[EventDate "2013.03.??"]
[EventType "swiss"]
[EventRounds "7"]
[EventCountry "POL"]
[SourceTitle "EXT 2021"]
[Source "ChessBase"]
[SourceDate "2020.10.23"]
[SourceVersion "1"]
[SourceVersionDate "2020.10.23"]
[SourceQuality "1"]

1. e4 c6 2. Nf3 e6 3. d4 d5 4. exd5 exd5 5. Bd3 Bg4 6. 0-0 g6 7. h3 Be6 8. Re1 Bg7 9. Nc3 Nf6 10. Ng5 Qd6 11. Qe2 0-0 12. Qf3 Nbd7 13. Bf4 Qb4 14. Rab1 Rae8 15. a3 Qb6 16. Bd6 Qxd4 17. Bxf8 Nxf8 18. Ne2 Qc5 19. Nxe6 Nxe6 20. Nc3 Qd6 21. Ne2 Nc5 22. Nc3 Nxd3 23. Rxe8+ Nxe8 24. Qxd3 Nc7 25. Ne4 Qf4 26. Ng3 Bd4 27. Qf3 Qxf3 28. gxf3 Ne6 29. Ne2 Bb6 30. Kg2 Bc7 31. h4 Kg7 32. b4 Bd6 33. c3 Nd8 34. a4 a6 35. b5 axb5 36. axb5 Kf6 37. bxc6 bxc6 38. Rb6 Ke7 39. Nd4 Kd7 40. Ra6 Bc5 41. Kg3 Bxd4 42. cxd4 Ne6 43. Ra4 Kd6 44. f4 c5 45. Ra6+ Ke7 46. dxc5 Nxc5 47. Rb6 1-0

[Event "Wloclawek-ch"]
[Site "Wloclawek"]
[Date "2013.??.??"]
[Round "8"]
[White "Maslankowski, Maciej"]
[Black "Jeziorny, Janusz"]
[Result "0-1"]
[WhiteElo "1600"]
[BlackElo "1752"]
[PlyCount "126"]
[EventDate "2013.09.??"]
[EventType "swiss"]
[EventRounds "9"]
[EventCountry "POL"]
[SourceTitle "EXT 2021"]
[Source "ChessBase"]
[SourceDate "2020.10.23"]
[SourceVersion "1"]
[SourceVersionDate "2020.10.23"]
[SourceQuality "1"]

1. e4 c6 2. d4 d5 3. exd5 cxd5 4. Nf3 Nc6 5. h3 Bf5 6. Bd3 Bxd3 7. Qxd3 e6 8. 0-0 Bd6 9. Nbd2 Rc8 10. c3 Nge7 11. Re1 Ng6 12. Nf1 Nf4 13. Qe3 Qf6 14. Ne5 g5 15. Nh2 Bxe5 16. dxe5 Qf5 17. Ng4 h6 18. Nf6+ Kf8 19. g4 Qd3 20. Qc5+ Kg7 21. Bxf4 gxf4 22. Nh5+ Kh7 23. Nxf4 Qd2 24. Nh5 Nxe5 25. Qe3 Qxe3 26. Rxe3 Nc4 27. Rf3 Rc7 28. b3 Nd2 29. Rd3 Ne4 30. Rc1 Rhc8 31. c4 b5 32. Rf3 bxc4 33. bxc4 Ng5 34. Re3 Rxc4 35. Rxc4 Rxc4 36. h4 Ne4 37. Rf3 Nd6 38. Ra3 Rc7 39. Ra6 Ne8 40. f3 d4 41. Kf2 Kg6 42. Nf4+ Kg7 43. Nh5+ Kf8 44. Nf4 Ke7 45. g5 hxg5 46. hxg5 Nd6 47. g6 fxg6 48. Nxg6+ Kf6 49. Rxd6 Kxg6 50. Rxd4 Rc2+ 51. Kg3 Rxa2 52. Rd6 Kf6 53. Rd8 a5 54. Ra8 a4 55. Ra5 Kg6 56. f4 Kf6 57. Kf3 Ra3+ 58. Ke4 Ra1 59. Kd3 a3 60. Kc3 a2 61. Kb2 Rf1 62. Kxa2 Rxf4 63. Kb3 Rd4 0-1

[Event "Wloclawek CC Classic 07th"]
[Site "Wloclawek"]
[Date "2013.??.??"]
[Round "7"]
[White "Milecki, Robert"]
[Black "Maslankowski, Maciej"]
[Result "0-1"]
[WhiteElo "1527"]
[BlackElo "1600"]
[PlyCount "90"]
[EventDate "2013.04.??"]
[EventType "swiss"]
[EventRounds "7"]
[EventCountry "POL"]
[SourceTitle "EXT 2021"]
[Source "ChessBase"]
[SourceDate "2020.10.23"]
[SourceVersion "1"]
[SourceVersionDate "2020.10.23"]
[SourceQuality "1"]

1. e4 c5 2. Nf3 d6 3. d4 cxd4 4. Nxd4 Nc6 5. Nb3 g6 6. Nc3 Bg7 7. Bd2 Nf6 8. Bc4 a6 9. Qf3 Ne5 10. Qe2 Nxc4 11. Qxc4 0-0 12. 0-0 Bd7 13. Rfe1 Ng4 14. Qd5 e6 15. Qd3 Ne5 16. Qe2 Rc8 17. Bf4 b5 18. Nd2 Bc6 19. a3 Bb7 20. Red1 Qc7 21. Rac1 Rfd8 22. f3 Qb6+ 23. Be3 Qc7 24. Bd4 d5 25. exd5 Ng4 26. fxg4 Bxd4+ 27. Kh1 Bxc3 28. bxc3 Bxd5 29. Ne4 Bxe4 30. Qxe4 Qxc3 31. Rxd8+ Rxd8 32. Rf1 Qxa3 33. Qb7 Rf8 34. h4 a5 35. Qxb5 Qb4 36. Qe5 Qxg4 37. Rf4 Qd1+ 38. Kh2 a4 39. Rxa4 Qxc2 40. Rg4 Qf5 41. Qg3 Rd8 42. Rf4 Qd3 43. Qf2 Qd6 44. Kh3 e5 45. Rf6 Qd3+ 0-1

[Event "Wloclawek CC Classic 07th"]
[Site "Wloclawek"]
[Date "2013.??.??"]
[Round "6"]
[White "Wieckowska, Oliwia"]
[Black "Maslankowski, Maciej"]
[Result "0-1"]
[WhiteElo "1400"]
[BlackElo "1600"]
[PlyCount "76"]
[EventDate "2013.04.??"]
[EventType "swiss"]
[EventRounds "7"]
[EventCountry "POL"]
[SourceTitle "EXT 2021"]
[Source "ChessBase"]
[SourceDate "2020.10.23"]
[SourceVersion "1"]
[SourceVersionDate "2020.10.23"]
[SourceQuality "1"]

1. e4 c5 2. f4 e5 3. fxe5 Qh4+ 4. g3 Qxe4+ 5. Qe2 Qxh1 6. Nf3 Nc6 7. Nc3 Nd4 8. Nxd4 cxd4 9. Nb5 Qc6 10. Nxd4 Qd5 11. c3 a6 12. Bg2 Qa5 13. Nb3 Qb6 14. Nd4 g6 15. d3 Bg7 16. Bg5 Ne7 17. Kd2 Qxb2+ 18. Nc2 Nc6 19. Bf6 0-0 20. Bxg7 Kxg7 21. Bd5 Qb5 22. Bc4 Qxe5 23. Qg2 Na5 24. Re1 Nxc4+ 25. dxc4 Qg5+ 26. Ne3 Rb8 27. h4 Qc5 28. Nd5 Qd6 29. Qf1 b5 30. Qd3 bxc4 31. Qxc4 Bb7 32. Qd4+ f6 33. Re7+ Rf7 34. Rxf7+ Kxf7 35. c4 Bxd5 36. cxd5 Qb4+ 37. Qxb4 Rxb4 38. a3 Ra4 0-1

[Event "Wloclawek CC Classic-B 02nd"]
[Site "Wloclawek"]
[Date "2011.??.??"]
[Round "13"]
[White "Maslankowski, Maciej"]
[Black "Kaczynski, Maciej"]
[Result "1-0"]
[WhiteElo "1400"]
[BlackElo "1800"]
[PlyCount "107"]
[EventDate "2011.09.??"]
[EventType "tourn"]
[EventRounds "13"]
[EventCountry "POL"]
[SourceTitle "EXT 2021"]
[Source "ChessBase"]
[SourceDate "2020.10.23"]
[SourceVersion "1"]
[SourceVersionDate "2020.10.23"]
[SourceQuality "1"]

1. e4 g6 2. Nf3 Bg7 3. c3 b6 4. Bc4 e6 5. d4 Bb7 6. 0-0 Bxe4 7. Re1 d5 8. Bd3 f5 9. Ne5 Bxe5 10. dxe5 c6 11. f3 Bxd3 12. Qxd3 Nd7 13. Nd2 Qc7 14. Nb3 Ne7 15. Nd4 Nc5 16. Qe3 Qd7 17. b3 f4 18. Qe2 Rf8 19. Qc2 Nf5 20. b4 Nxd4 21. cxd4 Nb7 22. Ba3 Rf5 23. Rac1 Rc8 24. Qa4 a5 25. b5 c5 26. dxc5 Nxc5 27. Bxc5 Rxc5 28. Rxc5 bxc5 29. Qxa5 Rf7 30. Qa8+ Ke7 31. b6 Rf8 32. b7 Qc7 33. Rb1 Rb8 34. a4 c4 35. a5 c3 36. a6 c2 37. Rc1 Qxe5 38. Qa7 d4 39. h3 Qe3+ 40. Kh2 Qxc1 41. Qc5+ Kf7 42. Qc7+ Kf6 43. Qxb8 Qe3 44. Qf8+ Kg5 45. h4+ Kh5 46. Qc5+ e5 47. Qxc2 Qe1 48. Qd3 Qxh4+ 49. Kg1 Qe1+ 50. Qf1 Qb4 51. Qe2 Qb1+ 52. Kh2 d3 53. Qxe5+ g5 54. b8Q 1-0

[Event "Wloclawek CC Classic-B 02nd"]
[Site "Wloclawek"]
[Date "2011.??.??"]
[Round "4"]
[White "Maslankowski, Maciej"]
[Black "Kujawski, Szymon"]
[Result "1-0"]
[WhiteElo "1400"]
[BlackElo "1400"]
[PlyCount "45"]
[EventDate "2011.09.??"]
[EventType "tourn"]
[EventRounds "13"]
[EventCountry "POL"]
[SourceTitle "EXT 2021"]
[Source "ChessBase"]
[SourceDate "2020.10.23"]
[SourceVersion "1"]
[SourceVersionDate "2020.10.23"]
[SourceQuality "1"]

1. e4 c5 2. Nf3 d6 3. d4 cxd4 4. Nxd4 Nf6 5. Nc3 g6 6. Bb5+ Bd7 7. 0-0 Bg7 8. Nd5 Nxe4 9. Re1 f5 10. f3 Bxd4+ 11. Qxd4 e5 12. Bxd7+ Qxd7 13. Rxe4 0-0 14. Qc4 fxe4 15. Nf6+ Kg7 16. Nxd7 Nxd7 17. Qxe4 Nc5 18. Qd5 Rf6 19. b4 Nd7 20. Qxb7 Rd8 21. Bg5 Rb8 22. Bxf6+ Kxf6 23. Qxd7 1-0

[Event "Wloclawek CC Classic-B 02nd"]
[Site "Wloclawek"]
[Date "2011.??.??"]
[Round "1"]
[White "Milecki, Robert"]
[Black "Maslankowski, Maciej"]
[Result "1-0"]
[WhiteElo "1600"]
[BlackElo "1400"]
[PlyCount "53"]
[EventDate "2011.09.??"]
[EventType "tourn"]
[EventRounds "13"]
[EventCountry "POL"]
[SourceTitle "EXT 2021"]
[Source "ChessBase"]
[SourceDate "2020.10.23"]
[SourceVersion "1"]
[SourceVersionDate "2020.10.23"]
[SourceQuality "1"]

1. e4 e5 2. Nf3 Nc6 3. Bc4 Nf6 4. Nc3 Bc5 5. d3 0-0 6. Bg5 h6 7. Be3 Bxe3 8. fxe3 d6 9. 0-0 Na5 10. Bb3 Bg4 11. Qd2 c6 12. d4 Nxb3 13. axb3 exd4 14. exd4 Re8 15. Qd3 Bh5 16. Nd2 Bg6 17. Qf3 Qb6 18. Qe3 Re5 19. Nc4 Ng4 20. Nxb6 Nxe3 21. Nxa8 Rg5 22. Rf2 Bh5 23. Re1 Ng4 24. Rf5 Nf6 25. Rxg5 hxg5 26. e5 dxe5 27. dxe5 1-0